SEC College Football Teams - NO HINTS - Statistics

General Stats
  • This quiz has been taken 82 times
    81 since last reset
  • The average score is 15 of 16
Answer Stats
Team % Correct
Texas
100%
Alabama
98%
Florida
98%
Arkansas
96%
Georgia
96%
Kentucky
96%
LSU
92%
Ole Miss
92%
Tennessee
92%
Vanderbilt
92%
Mississippi State
90%
Texas A&M
90%
Missouri
88%
South Carolina
88%
Auburn
87%
Oklahoma
83%
No matching quizzes found
Score Distribution
Percent of People with Each Score
Percentile by Number Answered
Your Score History
You have not taken this quiz since the last reset